000 00583nam a2200181 i 4500
001 144213
003 ES-MaACL
005 20230906200952.0
007 t|
008 070214s1969 sp r ||||1| spa d
245 0 0 _aSindicalismo y desarrollo.
260 _aMadrid :
_bOrganización Sindical Española,
_c1969 (
_fE. M. A.)
300 _a93 p., 1 lám. ;
_c21 cm.
650 0 4 _aSindicatos-
_zEspaña-
_y1939-1975.
_917120
651 4 _aEspaña-
_xPolítica económica-
_y1955-1975.
_98408
710 2 _aOrganización Sindical Española.
_96077
852 _aES-MaACL
_jC-36951
_bR.68938
999 _c144213
_d144213